| 000 | 00568nam a2200169Ia 4500 | ||
|---|---|---|---|
| 008 | 090711s9999 xx 000 0 und d | ||
| 082 | _b1363 | ||
| 100 | _aहरकारे अरुण | ||
| 245 | _aकर्तव्य आणि पैसा | ||
| 260 |
_bदिलीपराज प्रकाशन _c1998 |
||
| 300 | _a148 | ||
| 600 | _aहरकारे अरुण | ||
| 630 | _aकर्तव्य आणि पैसा | ||
| 700 | _aहरकारे अरुण | ||
| 730 | _aकर्तव्य आणि पैसा | ||
| 942 | _cBOOK | ||
| 999 |
_c334237 _d334237 |
||